Esclaus del contraban (Registre núm. 6031)
[ vista simple ]
| 000 -CABECERA | |
|---|---|
| Longitud fija campo de control | 00557nam a22001577a 4500 |
| 003 - IDENTIFICADOR DEL NÚMERO DE CONTROL | |
| Identificador del número de control | OSt |
| 005 - FECHA Y HORA DE LA ÚLTIMA TRANSACCIÓN | |
| Fecha y hora de la última transacción | 20130328134356.0 |
| 008 - CÓDIGOS DE INFORMACIÓN DE LONGITUD FIJA | |
| Códigos de información de longitud fija | 130328s2010 sp ||||| |||| 00| 0 cat d |
| 040 ## - FUENTE DE LA CATALOGACIÓN | |
| Centro transcriptor | CDMR |
| 100 1# - PUNTO DE ACCESO PRINCIPAL-NOMBRE DE PERSONA | |
| 9 (RLIN) | 111 |
| Nombre de persona | Camí, Jordi |
| 245 10 - MENCIÓN DE TÍTULO | |
| Título | Esclaus del contraban |
| Resto del título | : Ceuta, Melilla |
| Mención de responsabilidad, etc. | de Jordi Camí |
| 260 ## - PUBLICACIÓN, DISTRIBUCIÓN, ETC. (PIE DE IMPRENTA) | |
| Lugar de publicación, distribución, etc. | Barcelona |
| Nombre del editor, distribuidor, etc. | Col·legi de Periodistes de Catalunya |
| Fecha de publicación, distribución, etc. | DL 2010 |
| 300 ## - DESCRIPCIÓN FÍSICA | |
| Extensión | 32 p. |
| Otras características físicas | il. b/n |
| 500 ## - NOTA GENERAL | |
| Nota general | Catàleg de l'exposició celebrada entre el 24 de novembre de 2010 i el 14 de gener de 2011 al Col·legi de Periodistes de Barcelona |
| 942 ## - ENTRADA DE ELEMENTOS AGREGADOS (KOHA) | |
| Fuente de clasificaión o esquema | |
| Koha [por defecto] tipo de item | Monografies |
No hi ha exemplars disponibles.